|
|
|
|
| LEADER |
01082ncm a2200337 a 4500 |
| 001 |
000774869 |
| 003 |
CZ BrMZK |
| 005 |
20180926125550.0 |
| 007 |
qu |
| 008 |
050517s2000 xr dfaeg cze d |
| 028 |
0 |
0 |
|a DH 137
|b Michal Steranka
|
| 040 |
|
|
|a BOA001
|b cze
|
| 048 |
|
|
|a of01
|
| 072 |
|
7 |
|a 788
|x Hudba pro dechové nástroje
|2 Konspekt
|9 9
|
| 080 |
|
|
|a 785.12
|2 MRF
|
| 080 |
|
|
|a 788
|2 MRF
|
| 080 |
|
|
|a 78-085.2
|2 MRF
|
| 080 |
|
|
|a 78.089.6.087
|2 MRF
|
| 100 |
1 |
|
|a Kohoutek, Jaroslav,
|d 1964-
|7 mzk2005290043
|4 cmp
|
| 245 |
1 |
0 |
|a Krojovaná
|h [hudebnina] :
|b polka /
|c Jaroslav Kohoutek
|
| 254 |
|
|
|a Partitura a hlasy
|
| 260 |
|
|
|a Křižanovice:
|b Michal Steranka,
|c c2000
|
| 300 |
|
|
|a 1 řídící hlas + 17 hlasú ;
|c 14 x 20 cm
|
| 490 |
1 |
|
|a Dechová hudba ;
|v 137
|
| 650 |
0 |
7 |
|a dechová hudba
|7 ph119353
|2 czenas
|
| 650 |
0 |
4 |
|a polky (dechová hudba)
|
| 830 |
|
0 |
|a Dechová hudba (Steranka)
|
| 910 |
|
|
|a BOA001
|b Mus1-1151.051
|
| 990 |
|
|
|a MU
|
| 991 |
|
|
|b 200506
|c NOV
|
| 996 |
6 |
|
|b 2610248355
|c Mus1-1151.051
|l MZK
|r Sklad / do 1 hodiny
|n 0
|w 000774869
|u 000010
|a 1
|e BOA001
|j MZK50
|s P
|